[Event "CYCC U16"]
[Site "Ottawa CAN"]
[Date "2007.07.05"]
[Round "6"]
[White "Ang, Alan"]
[Black "Levesque, Mason"]
[Result "1-0"]
[WhiteElo "2050"]
[BlackElo "1388"]
[PlyCount "77"]
[GameId "2160767910659333"]
[EventDate "2007.07.03"]
[EventType "swiss"]
[EventRounds "7"]
[EventCountry "CAN"]
[SourceTitle "EXT 2022"]
[Source "ChessBase"]
[SourceDate "2021.10.06"]
[SourceVersion "1"]
[SourceVersionDate "2021.10.06"]
[SourceQuality "1"]

1. e4 e5 2. Nf3 Nc6 3. Bb5 Qf6 4. Nc3 Nd4 5. Nxd4 exd4 6. Ne2 Qe5 7. Bd3 Nf6 8. f4 Qc5 9. O-O d5 10. exd5 Nxd5 11. Kh1 Bd6 12. Qe1 O-O 13. a3 Qb6 14. Qh4 g6 15. b4 Be7 16. Qg3 a5 17. Bb2 Bf6 18. bxa5 Qxb2 19. Rfb1 Qxa1 20. Rxa1 Re8 21. Re1 Rxa5 22. Bc4 c6 23. h3 d3 24. Qxd3 Nxf4 25. Qb3 Re7 26. Rf1 Nh5 27. g4 Be6 28. Bxe6 Rxe6 29. gxh5 Kg7 30. Nf4 Ree5 31. hxg6 hxg6 32. Qxb7 Rxa3 33. Qxc6 Bh4 34. Qc7 Re1 35. Rxe1 Bxe1 36. Qe5+ Kh6 37. Qxe1 g5 38. Qe5 Ra6 39. Qh8# 1-0

[Event "CYCC U16"]
[Site "Ottawa CAN"]
[Date "2007.07.05"]
[Round "6"]
[White "Brown, Gabriel"]
[Black "Wee, Michael"]
[Result "1-0"]
[WhiteElo "1937"]
[BlackElo "1613"]
[PlyCount "73"]
[GameId "2160767910659334"]
[EventDate "2007.07.03"]
[EventType "swiss"]
[EventRounds "7"]
[EventCountry "CAN"]
[SourceTitle "EXT 2022"]
[Source "ChessBase"]
[SourceDate "2021.10.06"]
[SourceVersion "1"]
[SourceVersionDate "2021.10.06"]
[SourceQuality "1"]

1. c4 Nf6 2. g3 g6 3. Bg2 Bg7 4. Nc3 O-O 5. e4 d6 6. Nge2 e5 7. O-O Ne8 8. d3 f5 9. f4 Nc6 10. Be3 Be6 11. Rb1 Nf6 12. h3 Qd7 13. Kh2 Rae8 14. Nd5 Nh5 15. Qd2 fxe4 16. dxe4 Ne7 17. g4 exf4 18. Nexf4 Nxf4 19. Bxf4 Nc6 20. Bh6 Ne5 21. Bxg7 Qxg7 22. b3 Rd8 23. g5 Rf7 24. Rxf7 Qxf7 25. Rf1 Qg7 26. Rf6 Bc8 27. Qa5 Rd7 28. Qxa7 Nc6 29. Qf2 Ne5 30. Re6 Rd8 31. Re7 Nf7 32. Rxc7 Qe5+ 33. Kh1 Rf8 34. Qf6 Qxf6 35. gxf6 Kh8 36. Ne7 Be6 37. Rxb7 1-0

[Event "CYCC U16"]
[Site "Ottawa CAN"]
[Date "2007.07.05"]
[Round "6"]
[White "Dallaire, Patrick"]
[Black "Gjorgjevik, Kristijan"]
[Result "0-1"]
[WhiteElo "1433"]
[BlackElo "1369"]
[PlyCount "86"]
[GameId "2160767910659335"]
[EventDate "2007.07.03"]
[EventType "swiss"]
[EventRounds "7"]
[EventCountry "CAN"]
[SourceTitle "EXT 2022"]
[Source "ChessBase"]
[SourceDate "2021.10.06"]
[SourceVersion "1"]
[SourceVersionDate "2021.10.06"]
[SourceQuality "1"]

1. d4 d5 2. c4 c6 3. Nc3 Nf6 4. Nf3 Bf5 5. e3 e6 6. Bd3 Bxd3 7. Qxd3 Be7 8. O-O O-O 9. c5 b6 10. b4 a5 11. bxa5 bxc5 12. dxc5 Bxc5 13. Na4 Bb4 14. Nb6 Rxa5 15. Nxd5 exd5 16. Bb2 Nbd7 17. a3 Bd6 18. Rfc1 c5 19. Bc3 Ra4 20. Qb5 Qa8 21. Qb2 Rb8 22. Qa2 c4 23. Bb2 Nc5 24. Nd2 Nb3 25. Nxb3 cxb3 26. Qb1 Bxa3 27. Rxa3 Rxa3 28. Bxa3 Qxa3 29. Rc3 Ne4 30. Rd3 Nc5 31. Rc3 Qa5 32. Rc1 b2 33. Rd1 Ne4 34. h3 Nc3 35. Kh2 Nxb1 36. Rxb1 Qa2 37. Rd1 b1=Q 38. Rxb1 Rxb1 39. Kg3 Rf1 40. f3 Qf2+ 41. Kf4 Qh4+ 42. Ke5 Rd1 43. g4 Qf6# 0-1

[Event "CYCC U16"]
[Site "Ottawa CAN"]
[Date "2007.07.05"]
[Round "6"]
[White "Irimia, Andrei"]
[Black "Nadeau, Jeremie"]
[Result "0-1"]
[WhiteElo "1622"]
[BlackElo "1579"]
[PlyCount "114"]
[GameId "2160767910659337"]
[EventDate "2007.07.03"]
[EventType "swiss"]
[EventRounds "7"]
[EventCountry "CAN"]
[SourceTitle "EXT 2022"]
[Source "ChessBase"]
[SourceDate "2021.10.06"]
[SourceVersion "1"]
[SourceVersionDate "2021.10.06"]
[SourceQuality "1"]

1. d4 d5 2. Nf3 Nc6 3. Bf4 Nf6 4. e3 e6 5. Be2 Bd6 6. Ne5 Bxe5 7. Bxe5 Nxe5 8. dxe5 Nd7 9. f4 Qh4+ 10. g3 Qh6 11. Nc3 O-O 12. h4 Nxe5 13. fxe5 Qxe3 14. Qd3 Qxe5 15. O-O-O b6 16. Qd4 Qxd4 17. Rxd4 Bb7 18. Rg1 c5 19. Rf4 d4 20. Ne4 e5 21. Nf6+ gxf6 22. Rxf6 Rad8 23. Rgf1 e4 24. R6f4 d3 25. cxd3 exd3 26. Bd1 d2+ 27. Kc2 Bd5 28. Rg4+ Kh8 29. Rf2 Rd6 30. Rxd2 Rfd8 31. Rf2 Be6 32. Bf3 Bxg4 33. Bxg4 Rf8 34. Kc3 Rg6 35. Rf4 f5 36. Bxf5 Rxg3+ 37. Kc4 Rg7 38. Kd5 Rgf7 39. Ke6 b5 40. h5 a5 41. h6 c4 42. a3 b4 43. axb4 axb4 44. Rxc4 Rxf5 45. Rxb4 R5f6+ 46. Ke7 Rf2 47. Rh4 Rb8 48. b4 Rb2 49. Rf4 R2xb4 50. Rf5 R4b6 51. Rh5 Rg8 52. Kf7 Rgg6 53. Re5 Rb7+ 54. Re7 Rxe7+ 55. Kxe7 Rxh6 56. Kf7 Rg6 57. Kf8 h5 0-1

[Event "CYCC U16"]
[Site "Ottawa CAN"]
[Date "2007.07.05"]
[Round "6"]
[White "Kaminski, Victor"]
[Black "Chung, Kevin"]
[Result "1/2-1/2"]
[WhiteElo "2306"]
[BlackElo "2217"]
[PlyCount "43"]
[GameId "2160767910659338"]
[EventDate "2007.07.03"]
[EventType "swiss"]
[EventRounds "7"]
[EventCountry "CAN"]
[SourceTitle "EXT 2022"]
[Source "ChessBase"]
[SourceDate "2021.10.06"]
[SourceVersion "1"]
[SourceVersionDate "2021.10.06"]
[SourceQuality "1"]

1. d4 e6 2. c4 d5 3. cxd5 exd5 4. Nf3 Nf6 5. Nc3 c6 6. Bg5 Be7 7. e3 h6 8. Bh4 Ne4 9. Bxe7 Qxe7 10. Qc2 Nxc3 11. Qxc3 Bf5 12. Bd3 Bxd3 13. Qxd3 Nd7 14. O-O O-O 15. Nd2 Rac8 16. Rac1 Rfe8 17. h3 Nf6 18. Rc2 Qd6 19. Rfc1 Re7 20. Qc3 b6 21. b4 Rec7 22. a4 1/2-1/2

[Event "CYCC U16"]
[Site "Ottawa CAN"]
[Date "2007.07.05"]
[Round "6"]
[White "Liu, Robert"]
[Black "MacMillan, Michael"]
[Result "0-1"]
[WhiteElo "1526"]
[BlackElo "1863"]
[PlyCount "72"]
[GameId "2160767910659340"]
[EventDate "2007.07.03"]
[EventType "swiss"]
[EventRounds "7"]
[EventCountry "CAN"]
[SourceTitle "EXT 2022"]
[Source "ChessBase"]
[SourceDate "2021.10.06"]
[SourceVersion "1"]
[SourceVersionDate "2021.10.06"]
[SourceQuality "1"]

1. e4 e5 2. Nf3 Nc6 3. Bc4 Nf6 4. Ng5 d5 5. exd5 Na5 6. Bb5+ Bd7 7. Qe2 Bd6 8. d4 O-O 9. Bd3 h6 10. Nf3 exd4 11. O-O Bg4 12. Bd2 c5 13. dxc6 Nxc6 14. Qd1 Qc7 15. Be2 Bxf3 16. Bxf3 Bxh2+ 17. Kh1 Bd6 18. g3 Ne5 19. Bf4 Nxf3 20. Bxd6 Qxd6 21. Qxf3 Qc6 22. Qxc6 bxc6 23. Nd2 Rad8 24. Nb3 Rd5 25. Rfd1 c5 26. c4 Rf5 27. Kg2 Re8 28. Re1 Rfe5 29. Kf1 Ng4 30. Rxe5 Rxe5 31. Kg2 Kf8 32. Kf3 h5 33. Kg2 Ke7 34. Nd2 Re2 35. Nf1 Rxf2+ 36. Kh3 d3 0-1

[Event "CYCC U16"]
[Site "Ottawa CAN"]
[Date "2007.07.05"]
[Round "6"]
[White "Trandafir, Stefan"]
[Black "Zhou, Haonan"]
[Result "0-1"]
[WhiteElo "1925"]
[BlackElo "2016"]
[PlyCount "142"]
[GameId "2160767910659341"]
[EventDate "2007.07.03"]
[EventType "swiss"]
[EventRounds "7"]
[EventCountry "CAN"]
[SourceTitle "EXT 2022"]
[Source "ChessBase"]
[SourceDate "2021.10.06"]
[SourceVersion "1"]
[SourceVersionDate "2021.10.06"]
[SourceQuality "1"]

1. d4 d5 2. Nf3 Nf6 3. c4 c6 4. g3 dxc4 5. Nc3 Bf5 6. Bg2 Nbd7 7. a4 a5 8. O-O e6 9. Re1 Bb4 10. Nh4 Bg4 11. Qc2 Nb6 12. Bg5 Bh5 13. e4 h6 14. Be3 Ng4 15. Qd2 Nxe3 16. Qxe3 O-O 17. h3 Re8 18. Nf3 Bg6 19. Ne5 Bh7 20. Bf1 Qc7 21. Nxc4 Nxc4 22. Bxc4 Rad8 23. Red1 Qb6 24. Rac1 Bg6 25. e5 Rd7 26. Bd3 Bxd3 27. Rxd3 Red8 28. Rcd1 Be7 29. Qd2 Bg5 30. f4 Be7 31. Kg2 Bb4 32. Kh2 Qa6 33. Qg2 Bxc3 34. bxc3 Qc4 35. Qc2 c5 36. R1d2 cxd4 37. Rxd4 Rxd4 38. cxd4 Qxc2 39. Rxc2 Rxd4 40. Ra2 g5 41. fxg5 hxg5 42. Kg2 Re4 43. Kf3 Rb4 44. Ra3 Kg7 45. g4 Kf8 46. Ke3 Ke7 47. Kf3 Kd7 48. Rd3+ Kc7 49. Rc3+ Kb6 50. Rd3 Rxa4 51. Rd7 Ra3+ 52. Kg2 Re3 53. Rxf7 Rxe5 54. Rh7 a4 55. h4 a3 56. Rf7 gxh4 57. Kh3 Re1 58. Rf2 Rh1+ 59. Kg2 Rb1 60. g5 Rb5 61. g6 Rg5+ 62. Kh3 Rxg6 63. Ra2 Rg3+ 64. Kxh4 Rb3 65. Kg5 Kb5 66. Kf6 Kb4 67. Kxe6 Rb2 68. Ra1 Kb3 69. Rh1 Rc2 70. Rh7 b5 71. Rh5 b4 0-1

[Event "CYCC U16"]
[Site "Ottawa CAN"]
[Date "2007.07.05"]
[Round "6"]
[White "Xu, Haizhou"]
[Black "Raymer, Evan"]
[Result "1-0"]
[WhiteElo "1349"]
[BlackElo "1935"]
[PlyCount "105"]
[GameId "2160767910659342"]
[EventDate "2007.07.03"]
[EventType "swiss"]
[EventRounds "7"]
[EventCountry "CAN"]
[SourceTitle "EXT 2022"]
[Source "ChessBase"]
[SourceDate "2021.10.06"]
[SourceVersion "1"]
[SourceVersionDate "2021.10.06"]
[SourceQuality "1"]

1. e4 c5 2. Nf3 d6 3. d4 cxd4 4. Nxd4 Nf6 5. Nc3 a6 6. Bg5 e6 7. f4 Be7 8. Qf3 Qc7 9. O-O-O Nbd7 10. g4 b5 11. Bxf6 Nxf6 12. g5 Nd7 13. Bd3 b4 14. Nce2 Nc5 15. Kb1 Bb7 16. h4 O-O-O 17. Ng3 Kb8 18. h5 h6 19. Qg4 hxg5 20. fxg5 d5 21. exd5 Rxd5 22. Nf3 Rc8 23. Rc1 a5 24. Ne4 a4 25. Nxc5 Qxc5 26. Rhf1 a3 27. Qf4+ Ka8 28. Qd2 axb2 29. Kxb2 Rxg5 30. Nxg5 Bxg5 31. Qe1 Bxc1+ 32. Kxc1 Qd5 33. Kb1 Qa5 34. Be4 Rc7 35. Bxb7+ Rxb7 36. Qe4 Qxh5 37. Qc6 g5 38. Rh1 Qe2 39. Rh8+ Ka7 40. Qc5+ Rb6 41. Qc7+ Ka6 42. Ra8+ Kb5 43. Qd7+ Rc6 44. Qb7+ Kc5 45. Ra5+ Kd6 46. Qxb4+ Kd7 47. Qd4+ Rd6 48. Ra7+ Kc6 49. Qc3+ Kb5 50. Ra5+ Kb6 51. Qc5+ Kb7 52. Ra7+ Kb8 53. Qc7# 1-0

[Event "CYCC U16"]
[Site "Ottawa CAN"]
[Date "2007.07.06"]
[Round "7"]
[White "Dallaire, Patrick"]
[Black "Irimia, Andrei"]
[Result "1/2-1/2"]
[WhiteElo "1433"]
[BlackElo "1622"]
[PlyCount "81"]
[GameId "2160767910659343"]
[EventDate "2007.07.03"]
[EventType "swiss"]
[EventRounds "7"]
[EventCountry "CAN"]
[SourceTitle "EXT 2022"]
[Source "ChessBase"]
[SourceDate "2021.10.06"]
[SourceVersion "1"]
[SourceVersionDate "2021.10.06"]
[SourceQuality "1"]

1. d4 Nf6 2. c4 g6 3. Nf3 Bg7 4. Nc3 O-O 5. e3 d6 6. Bd3 Bg4 7. h3 Bxf3 8. Qxf3 Nc6 9. O-O Rb8 10. Bd2 Re8 11. a3 e6 12. Rab1 d5 13. cxd5 Nxd5 14. Nxd5 Qxd5 15. Qxd5 exd5 16. Rbc1 a6 17. Bxa6 bxa6 18. Rxc6 Rxb2 19. Bb4 Bf8 20. Bxf8 Kxf8 21. Rxa6 Ra2 22. Rc1 Rc8 23. Rb1 c5 24. dxc5 Rxc5 25. Rd1 Rcc2 26. Rf1 Rc3 27. Rd1 Rcc2 28. Rf1 Rd2 29. g3 d4 30. exd4 Rxd4 31. Kg2 Rd3 32. a4 Rda3 33. Re1 Rxa4 34. Rxa4 Rxa4 35. h4 Ra2 36. Kf3 h5 37. Re2 Rxe2 38. Kxe2 Ke7 39. Ke3 f6 40. f4 Ke6 41. Ke4 1/2-1/2

[Event "CYCC U16"]
[Site "Ottawa CAN"]
[Date "2007.07.06"]
[Round "7"]
[White "Gjorgjevik, Kristijan"]
[Black "Lai, Matthew"]
[Result "0-1"]
[WhiteElo "1369"]
[BlackElo "1877"]
[PlyCount "86"]
[GameId "2160767910659344"]
[EventDate "2007.07.03"]
[EventType "swiss"]
[EventRounds "7"]
[EventCountry "CAN"]
[SourceTitle "EXT 2022"]
[Source "ChessBase"]
[SourceDate "2021.10.06"]
[SourceVersion "1"]
[SourceVersionDate "2021.10.06"]
[SourceQuality "1"]

1. e4 e5 2. Nf3 Nc6 3. Bb5 a6 4. Ba4 Nf6 5. O-O b5 6. Bb3 Be7 7. d4 exd4 8. Nxd4 Nxd4 9. Qxd4 c5 10. Qd3 c4 11. Bxc4 bxc4 12. Qxc4 O-O 13. e5 d5 14. Qd4 Ne4 15. b4 a5 16. f3 Ng5 17. c3 Ne6 18. Qg4 axb4 19. cxb4 Qb6+ 20. Kh1 Bxb4 21. Bd2 Bxd2 22. Nxd2 Qb2 23. Nb3 Rxa2 24. Rxa2 Qxa2 25. Nd4 Nxd4 26. Qxd4 Qc4 27. Qxc4 dxc4 28. Kg1 Rd8 29. Rc1 Be6 30. Kf1 Rd2 31. h3 Kf8 32. Rc3 Ke7 33. g4 Kd7 34. Ke1 Rd3 35. Rxd3+ cxd3 36. Kd2 Bc4 37. f4 Ke6 38. Ke3 g5 39. fxg5 Kxe5 40. h4 Ba6 41. h5 Bb5 42. g6 fxg6 43. hxg6 hxg6 0-1

[Event "CYCC U16"]
[Site "Ottawa CAN"]
[Date "2007.07.06"]
[Round "7"]
[White "MacMillan, Michael"]
[Black "Brown, Gabriel"]
[Result "0-1"]
[WhiteElo "1863"]
[BlackElo "1937"]
[PlyCount "110"]
[GameId "2160767910659345"]
[EventDate "2007.07.03"]
[EventType "swiss"]
[EventRounds "7"]
[EventCountry "CAN"]
[SourceTitle "EXT 2022"]
[Source "ChessBase"]
[SourceDate "2021.10.06"]
[SourceVersion "1"]
[SourceVersionDate "2021.10.06"]
[SourceQuality "1"]

1. e4 c5 2. Nf3 d6 3. d4 cxd4 4. Nxd4 Nf6 5. Nc3 a6 6. Be2 e5 7. Nb3 Be7 8. Be3 b5 9. a3 Nbd7 10. O-O Bb7 11. f3 O-O 12. Qd2 Nb6 13. Na5 Qc7 14. Nxb7 Qxb7 15. Rfd1 Rfd8 16. Kh1 Nc4 17. Bxc4 bxc4 18. Nd5 Nxd5 19. exd5 Rab8 20. Rab1 Rdc8 21. c3 Qc7 22. Qc2 Rb3 23. Qe4 Qb7 24. Rd2 Qb5 25. f4 exf4 26. Bxf4 Bf6 27. Rc2 Re8 28. Qf5 Rxb2 29. Rcxb2 Qxb2 30. Bxd6 Qxc3 31. Bb4 Qe5 32. Qxe5 Bxe5 33. Re1 f6 34. Rc1 Rd8 35. Rxc4 Rxd5 36. g3 Bd6 37. Rc6 Bxb4 38. axb4 Rb5 39. Rxa6 Rxb4 40. Ra2 Kf7 41. Kg2 Kg6 42. Rf2 f5 43. h4 Rg4 44. Kh3 Ra4 45. Rb2 Ra3 46. Rb6+ Kh5 47. Rb7 Kh6 48. Rb6+ g6 49. Rb4 Kh5 50. Rb5 Rf3 51. Kg2 Kg4 52. Rb4+ f4 53. Rxf4+ Rxf4 54. gxf4 Kxf4 55. Kh3 h5 0-1

[Event "CYCC U16"]
[Site "Ottawa CAN"]
[Date "2007.07.06"]
[Round "7"]
[White "Nadeau, Jeremie"]
[Black "Liu, Robert"]
[Result "0-1"]
[WhiteElo "1579"]
[BlackElo "1526"]
[PlyCount "42"]
[GameId "2160767910659346"]
[EventDate "2007.07.03"]
[EventType "swiss"]
[EventRounds "7"]
[EventCountry "CAN"]
[SourceTitle "EXT 2022"]
[Source "ChessBase"]
[SourceDate "2021.10.06"]
[SourceVersion "1"]
[SourceVersionDate "2021.10.06"]
[SourceQuality "1"]

1. e4 d5 2. exd5 Nf6 3. c4 c6 4. dxc6 Nxc6 5. Nf3 e5 6. Nc3 Bf5 7. Qe2 e4 8. a3 Qd7 9. g3 O-O-O 10. Nh4 Bg4 11. Qe3 Nd4 12. Bd3 exd3 13. O-O Bc5 14. Qf4 Qd6 15. Qxd6 Bxd6 16. b4 Be2 17. c5 Bc7 18. a4 Bxf1 19. Kxf1 Nd5 20. b5 Nxc3 21. dxc3 Nb3 0-1

[Event "CYCC U16"]
[Site "Ottawa CAN"]
[Date "2007.07.06"]
[Round "7"]
[White "Raymer, Evan"]
[Black "Ang, Alan"]
[Result "0-1"]
[WhiteElo "1939"]
[BlackElo "2050"]
[PlyCount "44"]
[GameId "2160767910659347"]
[EventDate "2007.07.03"]
[EventType "swiss"]
[EventRounds "7"]
[EventCountry "CAN"]
[SourceTitle "EXT 2022"]
[Source "ChessBase"]
[SourceDate "2021.10.06"]
[SourceVersion "1"]
[SourceVersionDate "2021.10.06"]
[SourceQuality "1"]

1. e4 e6 2. d4 d5 3. Nd2 Be7 4. Bd3 c5 5. exd5 exd5 6. dxc5 Bxc5 7. Ne2 Ne7 8. Nb3 Bd6 9. Ned4 Nbc6 10. c3 a6 11. Bg5 Qc7 12. Qf3 Bd7 13. Nxc6 Bxc6 14. Nd4 O-O-O 15. Qxf7 Rdf8 16. Qxg7 Rhg8 17. Qxh7 Rxg5 18. O-O-O Rxf2 19. g3 Be5 20. Bc2 Bxd4 21. Rxd4 Qe5 22. Rhd1 Rh5 0-1

[Event "CYCC U16"]
[Site "Ottawa CAN"]
[Date "2007.07.06"]
[Round "7"]
[White "Wee, Michael"]
[Black "Levesque, Mason"]
[Result "1-0"]
[WhiteElo "1613"]
[BlackElo "1388"]
[PlyCount "163"]
[GameId "2160767910659348"]
[EventDate "2007.07.03"]
[EventType "swiss"]
[EventRounds "7"]
[EventCountry "CAN"]
[SourceTitle "EXT 2022"]
[Source "ChessBase"]
[SourceDate "2021.10.06"]
[SourceVersion "1"]
[SourceVersionDate "2021.10.06"]
[SourceQuality "1"]

1. Nf3 Nc6 2. g3 e5 3. d3 d5 4. Bg2 Nf6 5. O-O Bf5 6. Nbd2 Bc5 7. b3 e4 8. Nh4 Ng4 9. h3 Bxf2+ 10. Rxf2 Nxf2 11. Kxf2 Qf6 12. Rb1 Bxh3+ 13. Kg1 Bxg2 14. Kxg2 Ne5 15. Bb2 Qg5 16. dxe4 Ng4 17. Nf1 O-O-O 18. Bc1 Qf6 19. Qe1 dxe4 20. Kh1 Qc6 21. c4 e3+ 22. Kg1 g5 23. Ng2 f5 24. Nfxe3 Qe4 25. Rb2 Qd4 26. Kh1 Nxe3 27. Nxe3 f4 28. Nd5 Qe4+ 29. Kg1 c6 30. Nc3 Qd4+ 31. Kh2 fxg3+ 32. Qxg3 Rhf8 33. Rd2 Rf2+ 34. Kh3 Qh4+ 35. Qxh4 gxh4 36. Rxd8+ Kxd8 37. Kxh4 Rg2 38. Bg5+ Kd7 39. Bf4 b5 40. cxb5 cxb5 41. b4 a6 42. a3 Ke6 43. e4 Rc2 44. Nd5 Ra2 45. Nc7+ Kd7 46. Nxa6 Rxa3 47. Nc7 Kc6 48. Nxb5 Kxb5 49. Bd6 Kc4 50. e5 Kd5 51. Kh5 Ke6 52. Kg5 Rf3 53. Bc7 h6+ 54. Kxh6 Rg3 55. b5 Kf5 56. b6 Rb3 57. Kg7 Ke6 58. Kf8 Kd7 59. Kf7 Rf3+ 60. Kg6 Ke6 61. b7 Rg3+ 62. Kh6 Kf7 63. b8=Q Rf3 64. Bd6 Rh3+ 65. Kg5 Rg3+ 66. Kf4 Rg8 67. Qxg8+ Kxg8 68. Kf5 Kf7 69. Bc5 Ke8 70. Ke6 Kd8 71. Kf7 Kc7 72. e6 Kc6 73. Bg1 Kd5 74. e7 Kc4 75. e8=Q Kd5 76. Qe3 Kc4 77. Qd4+ Kb3 78. Be3 Kc2 79. Qc4+ Kb2 80. Bd4+ Kb1 81. Qc3 Ka2 82. Qb2# 1-0

[Event "CYCC U16"]
[Site "Ottawa CAN"]
[Date "2007.07.06"]
[Round "7"]
[White "Wong, Ming Jing"]
[Black "Trandafir, Stefan"]
[Result "1/2-1/2"]
[WhiteElo "1683"]
[BlackElo "1925"]
[PlyCount "59"]
[GameId "2160767910659349"]
[EventDate "2007.07.03"]
[EventType "swiss"]
[EventRounds "7"]
[EventCountry "CAN"]
[SourceTitle "EXT 2022"]
[Source "ChessBase"]
[SourceDate "2021.10.06"]
[SourceVersion "1"]
[SourceVersionDate "2021.10.06"]
[SourceQuality "1"]

1. e4 c5 2. Nf3 Nc6 3. d4 cxd4 4. Nxd4 Nf6 5. Nc3 e5 6. Nb3 Bb4 7. Bd3 d5 8. exd5 Nxd5 9. Bd2 Bxc3 10. Bxc3 Nxc3 11. bxc3 O-O 12. O-O Kh8 13. Qh5 f5 14. Rad1 Qc7 15. f4 e4 16. Be2 Be6 17. Kh1 Qe7 18. Bb5 a6 19. Bxc6 bxc6 20. Nd4 c5 21. Nc6 Qc7 22. Ne5 Kg8 23. a3 Rad8 24. Rxd8 Rxd8 25. Rd1 Rxd1+ 26. Qxd1 g6 27. g3 Kf8 28. Qd2 Ke7 29. c4 Qd6 30. Qc3 1/2-1/2

[Event "CYCC U16"]
[Site "Ottawa CAN"]
[Date "2007.07.06"]
[Round "7"]
[White "Xu, Haizhou"]
[Black "Kaminski, Victor"]
[Result "1-0"]
[WhiteElo "1349"]
[BlackElo "2306"]
[PlyCount "103"]
[GameId "2160767910667542"]
[EventDate "2007.07.03"]
[EventType "swiss"]
[EventRounds "7"]
[EventCountry "CAN"]
[SourceTitle "EXT 2022"]
[Source "ChessBase"]
[SourceDate "2021.10.06"]
[SourceVersion "1"]
[SourceVersionDate "2021.10.06"]
[SourceQuality "1"]

1. e4 c5 2. Nf3 Nc6 3. d4 cxd4 4. Nxd4 Nf6 5. Nc3 g6 6. Be3 Bg7 7. Bc4 O-O 8. Bb3 d6 9. f3 Bd7 10. Qd2 Qa5 11. Nde2 Rfc8 12. Bh6 Bh8 13. h4 Ne5 14. h5 Nc4 15. hxg6 hxg6 16. Bxc4 Rxc4 17. Bg5 Rac8 18. O-O-O Bg7 19. Bh6 Nxe4 20. fxe4 Rxc3 21. Nxc3 Bxc3 22. bxc3 Qa3+ 23. Kb1 Be6 24. c4 Rxc4 25. c3 Rc5 26. Bg7 Bxa2+ 27. Qxa2 Qxa2+ 28. Kxa2 Kxg7 29. Kb3 Rg5 30. Rd2 Kf6 31. Rh7 Ke6 32. Rf2 f6 33. Kc4 Rg4 34. Kd3 Rg3+ 35. Kd4 Rg5 36. Ra2 Rg4 37. Rxa7 f5 38. Rxb7 Rxe4+ 39. Kd3 Kf6 40. Rd7 Re1 41. Rd8 e6 42. Rf8+ Ke5 43. Rg7 Kf4 44. Rxg6 d5 45. g4 Re3+ 46. Kd2 Rh3 47. gxf5 e5 48. Rd6 d4 49. cxd4 Rh2+ 50. Kc3 e4 51. Re6 e3 52. Rfe8 1-0

[Event "CYCC U16 w"]
[Site "Ottawa CAN"]
[Date "2007.07.03"]
[Round "1"]
[White "Du, Jasmine"]
[Black "Labrador, Jhoyli"]
[Result "1-0"]
[WhiteElo "1801"]
[BlackElo "1584"]
[PlyCount "99"]
[GameId "2160767910667544"]
[EventDate "2007.07.03"]
[EventType "tourn"]
[EventRounds "6"]
[EventCountry "CAN"]
[SourceTitle "EXT 2022"]
[Source "ChessBase"]
[SourceDate "2021.10.06"]
[SourceVersion "1"]
[SourceVersionDate "2021.10.06"]
[SourceQuality "1"]

1. e4 c5 2. Nf3 d6 3. d4 cxd4 4. Nxd4 Nf6 5. Nc3 a6 6. Be3 Nc6 7. Be2 e6 8. Bf3 Bd7 9. Qd2 Be7 10. O-O O-O 11. Rad1 Qc7 12. a3 Rfb8 13. Rfe1 h6 14. h3 Ne5 15. Qe2 Nc4 16. Bc1 b5 17. Na2 Ra7 18. b3 Ne5 19. c3 Bc8 20. Be3 Raa8 21. Qc2 Bb7 22. Bc1 Nxf3+ 23. gxf3 Rd8 24. Kh1 d5 25. e5 Nd7 26. Qe2 Bh4 27. f4 Nc5 28. Be3 f6 29. Nf3 d4 30. cxd4 Qc6 31. Kg2 Qxf3+ 32. Qxf3 Bxf3+ 33. Kxf3 Nxb3 34. Kg4 g5 35. exf6 Kf7 36. fxg5 hxg5 37. Rf1 Kxf6 38. f4 Rh8 39. fxg5+ Ke7 40. Nb4 Na5 41. Rc1 Nc4 42. Rc3 Rag8 43. Bc1 Bxg5 44. Bxg5+ Kd6 45. h4 Nd2 46. Rc6+ Kd7 47. Rf7+ Ke8 48. Re7+ Kd8 49. Ra7+ Ke8 50. Rc8# 1-0

[Event "CYCC U16 w"]
[Site "Ottawa CAN"]
[Date "2007.07.03"]
[Round "1"]
[White "Ruiter, Chelsea"]
[Black "Xiong, Sonja"]
[Result "0-1"]
[WhiteElo "1242"]
[BlackElo "1805"]
[PlyCount "82"]
[GameId "2160767910667545"]
[EventDate "2007.07.03"]
[EventType "tourn"]
[EventRounds "6"]
[EventCountry "CAN"]
[SourceTitle "EXT 2022"]
[Source "ChessBase"]
[SourceDate "2021.10.06"]
[SourceVersion "1"]
[SourceVersionDate "2021.10.06"]
[SourceQuality "1"]

1. e4 c5 2. b3 Nc6 3. Bb5 d6 4. Bxc6+ bxc6 5. Bb2 e5 6. d3 Be7 7. Ne2 f5 8. Nd2 Nf6 9. Ng3 f4 10. Ne2 O-O 11. f3 Nh5 12. O-O Bh4 13. Kh1 Ng3+ 14. hxg3 Bxg3 15. Nxg3 fxg3 16. Kg1 Qh4 17. Rf2 gxf2+ 18. Kf1 Qg3 19. Ke2 Qxg2 20. Qf1 Qxf1+ 21. Rxf1 g5 22. Rxf2 g4 23. Rg2 h5 24. fxg4 Bxg4+ 25. Ke3 Rf6 26. Nc4 Raf8 27. Na5 Rf3+ 28. Kd2 Rf2+ 29. Rxf2 Rxf2+ 30. Kc3 Bd1 31. b4 Rxc2+ 32. Kb3 cxb4 33. a3 Re2+ 34. Ka2 b3+ 35. Nxb3 Bxb3+ 36. Kxb3 h4 37. Bc3 h3 38. Bb4 h2 39. Bxd6 h1=Q 40. Bxe5 Qb1+ 41. Ka4 Qb5# 0-1

[Event "CYCC U16 w"]
[Site "Ottawa CAN"]
[Date "2007.07.03"]
[Round "2"]
[White "Ruiter, Chelsea"]
[Black "Du, Jasmine"]
[Result "0-1"]
[WhiteElo "1242"]
[BlackElo "1841"]
[PlyCount "62"]
[GameId "2160767910667546"]
[EventDate "2007.07.03"]
[EventType "tourn"]
[EventRounds "6"]
[EventCountry "CAN"]
[SourceTitle "EXT 2022"]
[Source "ChessBase"]
[SourceDate "2021.10.06"]
[SourceVersion "1"]
[SourceVersionDate "2021.10.06"]
[SourceQuality "1"]

1. e4 e5 2. Nf3 Nc6 3. d4 exd4 4. Nxd4 Nf6 5. Nxc6 bxc6 6. Bc4 Nxe4 7. Qe2 Qe7 8. f3 Nd6 9. Qxe7+ Bxe7 10. Bb3 Ba6 11. Nc3 O-O 12. Bf4 Rfe8 13. O-O-O Rac8 14. Rhe1 Bf8 15. Rxe8 Rxe8 16. Bxd6 Bxd6 17. g3 Re7 18. f4 Kf8 19. Rd4 Bc5 20. Re4 d5 21. Rxe7 Kxe7 22. Kd2 Bg1 23. h3 Bh2 24. Ne2 Bxe2 25. Kxe2 Bxg3 26. Kf3 Bh4 27. Ba4 c5 28. b3 h6 29. Kg4 Bf6 30. Kf5 h5 31. Bc6 g6# 0-1

[Event "CYCC U16 w"]
[Site "Ottawa CAN"]
[Date "2007.07.03"]
[Round "2"]
[White "Xiong, Sonja"]
[Black "Labrador, Jhoyli"]
[Result "1-0"]
[WhiteElo "1805"]
[BlackElo "1584"]
[PlyCount "77"]
[GameId "2160767910667547"]
[EventDate "2007.07.03"]
[EventType "tourn"]
[EventRounds "6"]
[EventCountry "CAN"]
[SourceTitle "EXT 2022"]
[Source "ChessBase"]
[SourceDate "2021.10.06"]
[SourceVersion "1"]
[SourceVersionDate "2021.10.06"]
[SourceQuality "1"]

1. e4 c5 2. Nf3 d6 3. d4 cxd4 4. Nxd4 Nf6 5. Nc3 a6 6. Be3 Nc6 7. f3 e6 8. Be2 Be7 9. O-O O-O 10. f4 Qc7 11. Rf3 b5 12. a3 Bb7 13. Rg3 Rad8 14. f5 Nxd4 15. Qxd4 Qc5 16. Qd3 Qc7 17. Bh6 Rfe8 18. Bxg7 Nd7 19. Qe3 f6 20. fxe6 Ne5 21. Bxf6+ Ng6 22. Bd4 Bf8 23. Bh5 Rxe6 24. Bxg6 Rxg6 25. Rxg6+ hxg6 26. Bb6 Bh6 27. Qf2 Qe7 28. Bxd8 Qxd8 29. Rf1 Qe7 30. Qf6 Qxf6 31. Rxf6 Kg7 32. Rxd6 Bc8 33. Rc6 Bg4 34. Rxa6 Bc1 35. Nxb5 Be2 36. Ra7+ Kh6 37. Rb7 Be3+ 38. Kh1 Bxb5 39. Rxb5 1-0